| 000 | 00746nam a22002417a 4500 | ||
|---|---|---|---|
| 999 |
_c4491 _d4491 |
||
| 003 | AR-CdUCM | ||
| 008 | 190308b ||||| |||| 00| 0 spa d | ||
| 020 | _a950-614-241-6 | ||
| 040 |
_aMUNICIPALIDAD PROVINCIAL DEL CUSCO _cBIBLIOTECA MUNICIPAL DEL CUSCO |
||
| 041 | _heng | ||
| 082 |
_a813 / _bF28 |
||
| 100 |
_aFaulkner, William _954 |
||
| 245 | _aSantuario / | ||
| 260 |
_aBuenos Aires : _bEdiciones Orbis, _bHyspamerica ediciones, _c1983. |
||
| 300 |
_a334 páginas ; _c20 cm. |
||
| 440 |
_aLos premios Nobel. _n1 _914105 |
||
| 650 |
_aNovelas estadounidenses _9734 |
||
| 650 |
_aSiglo XX _98 |
||
| 650 |
_aTraducciones al español _91053 |
||
| 700 |
_aLópez Muñoz, José Luis (traductor) _914106 |
||
| 942 |
_2ddc _cLIBROS |
||
| 945 | _azta | ||